000 00684cab a2200241 4500
001 WB3322-31
008 090401t1997 xxu||||| |||| 00| 0 eng d
035 _a(Sirsi) u78774
041 _aeng
245 _aNAEA says reform stamp duty
260 _c1997
350 _a0
490 _aNegotiator
_v12(11) 30 May 1997, 6(1)
520 _aThe National Association of Estate Agents is calling for increased stability in interest rates and for reform of stamp duty.
650 _aINTEREST RATES
650 _aNAEA
650 _aNATIONAL ASSOCIATION OF ESTATE AGENTS
650 _aREFORM
650 _aSTAMP DUTY
690 _aTAXATION
942 _n0
948 _c06/06/1997
999 _c49519
_d49519